=LDR 00000nam 2200000 4500 =001 INLIS000000000003755 =005 20130612092045 =008 ***********************************Ind** =035 ##$$0010-061300000003755 =041 ##$$a Ind =082 ##$$a 610.695 =090 ##$$a 610.695, Haz o =100 ##$$a Haznam, M.W =245 ##$$a Oh dokter, M.W.Haznam; penyunting, Kemala Atmodjo =260 ##$$a 1989 $b Jakarta =300 ##$$a 163 hlm., ilus., 19 cm =650 ##$$a Kedokteran =650 ##$$a Profesi =850 ##$$a NBPNMAT